000 00342nam a2200133Ia 4500
008 240624s9999 xx 000 0 und d
041 _aeng
082 _a368.01 MIS
100 _aNATIONAL INSURANCE ACADEMY
245 _aELEMENTS OF ACTUARIAL SCIENCE
260 _c2009
_aNew Delhi
_bCengage Learning
300 _a234 : p.
365 _cRS
_b31
999 _c22666
_d22666